Name the Terminator Movies! - Statistics

General Stats
  • This quiz has been taken 97 times
    86 since last reset
  • The average score is 5 of 6
Answer Stats
Year Franchise Film % Correct
1984 The Terminator
100%
1992 Terminator 2: Judgement Day
88%
2015 Terminator: Genisys
84%
2019 Terminator: Dark Fate
83%
2003 Terminator 3: Rise of the Machines
79%
2009 Terminator: Salvation
79%
No matching quizzes found
Score Distribution
Percent of People with Each Score
Percentile by Number Answered
Your Score History
You have not taken this quiz since the last reset